000 00720nam a2200217 a 4500
001 000045485
003 DO-SdBNP
005 20180327150144.0
007 000045485
008 150409s2013 dr a 000 0 spa d
020 _a9789945885835
040 _aBPMET
_bspa
_cBPMET
245 0 0 _aBuen trato :
_bdisciplina con amor y limites, guía práctica para maestros de escuela /.
260 _aSanto Domingo :
_bPACAM,
_c2013.
300 _a12 p. :
_bil. ;
_c30 cm.
710 2 _aPatronato de Ayuda a Casos de Mujeres Maltratadas (República Dominicana)
942 _2ddc
_cBK
945 _aRemanejado para la BNPHU / 2018 VM
956 _aVMATEO
_b10
_c20150413
_lBPMSU
_h0069
956 _aVMATEO
_b10
_c20150413
_lBND01
_h1219
999 _c7615
_d7615